हस्ताक्षर आणि स्वभाव (Record no. 1245816)

MARC details
000 -LEADER
fixed length control field 00701nam a2200193Ia 4500
008 - FIXED-LENGTH DATA ELEMENTS--GENERAL INFORMATION
fixed length control field 151121s9999||||xx |||||||||||||| ||und||
082 ## - DEWEY DECIMAL CLASSIFICATION NUMBER
Classification number 131।34/घाणेक
082 ## - DEWEY DECIMAL CLASSIFICATION NUMBER
Item number HNW-64289
100 ## - MAIN ENTRY--PERSONAL NAME
Personal name घाणेकर मधुसूदन
245 ## - TITLE STATEMENT
Title हस्ताक्षर आणि स्वभाव
260 ## - PUBLICATION, DISTRIBUTION, ETC. (IMPRINT)
Name of publisher, distributor, etc "सुयोग प्रकाशन, पुणे।"
260 ## - PUBLICATION, DISTRIBUTION, ETC. (IMPRINT)
Date of publication, distribution, etc --
300 ## - PHYSICAL DESCRIPTION
Extent 82
600 ## - SUBJECT ADDED ENTRY--PERSONAL NAME
Personal name घाणेकर मधुसूदन
630 ## - SUBJECT ADDED ENTRY--UNIFORM TITLE
Uniform title हस्ताक्षर आणि स्वभाव
700 ## - ADDED ENTRY--PERSONAL NAME
Personal name घाणेकर मधुसूदन
730 ## - ADDED ENTRY--UNIFORM TITLE
Uniform title हस्ताक्षर आणि स्वभाव
942 ## - ADDED ENTRY ELEMENTS (KOHA)
Koha item type Book
Holdings
Withdrawn status Lost status Damaged status Not for loan Home library Current library Date acquired Cost, normal purchase price Total Checkouts Full call number Barcode Date last seen Cost, replacement price Price effective from Koha item type
        Hirachand Nemchand Wachanalaya, Solapur Hirachand Nemchand Wachanalaya, Solapur 11/21/2015 40.00   HNW-64289 HNW-64289 11/21/2015 40.00 11/21/2015 Book